00411nam a2200145Ia 4500008004100000040001900041041001200060082003500072100002100107245004300128260003100171300001700202650002000219651002600239131103s9999 xx 000 0 und d aLoreto College aEnglish a891.443/GANbLCLIB/BnSem/20460 aGanguly, Narayan aChotogalper simarekhacNarayan Ganguly aCalcuttabBengal Pubc1970 a138p c 22cm aBengali Fiction aBengali Short Stories